Normal view
MARC view
- التعليم الابتدائي-اللغة العربية-المدارس الابتدائية-أساليب التدريس-التدريس
Entry Topical Term
001 - CONTROL NUMBER
- control field: 11799
003 - CONTROL NUMBER IDENTIFIER
- control field: JO-AjAnu
005 - DATE AND TIME OF LATEST TRANSACTION
- control field: 20230606072207.0
008 - FIXED-LENGTH DATA ELEMENTS
- fixed length control field: 230606|| aca||aabn | a|a d
040 ## - CATALOGING SOURCE
- Original cataloging agency: JO-AjAnu
- Transcribing agency: JO-AjAnu
150 ## - HEADING--TOPICAL TERM
- Topical term or geographic name entry element: التعليم الابتدائي-اللغة العربية-المدارس الابتدائية-أساليب التدريس-التدريس
670 ## - SOURCE DATA FOUND
- Source citation: Work cat.: (JO-AjAnu)6077: تاليف حوامدة، باسم علي؛م.مشارك شاهر ذيب أبو شريخ, author 11798, تعليم اللغة العربية للصفوف الثلاثة الأولى:النظرية والتطبيق